Sopranos finish the sequence (scene) #1 - Statistics

General Stats
  • This quiz has been taken 32 times
    22 since last reset
  • The average score is 31 of 172
Answer Stats
Charachter Answer % Correct
Tony Soprano You
75%
Christopher Moltisanti Are
50%
Tony Soprano Believe
50%
Christopher Moltisanti Doctors
50%
Christopher Moltisanti Hey
50%
Christopher Moltisanti If
50%
Christopher Moltisanti These
50%
Tony Soprano This
50%
Christopher Moltisanti Ton
50%
Christopher Moltisanti What
50%
Christopher Moltisanti Wrong?
50%
Hesh Rabkin Happened
38%
Tony Soprano It's
38%
Hesh Rabkin My
38%
Hesh Rabkin Parents
38%
Tony Soprano Shit?
38%
Hesh Rabkin Snow
38%
Hesh Rabkin Spring
38%
Tony Soprano A
25%
Silvio Dante Are
25%
Tony Soprano Coming
25%
Tony Soprano Daughter's
25%
Silvio Dante Do
25%
Silvio Dante For
25%
Tony Soprano Fucking
25%
Silvio Dante Gonna
25%
Hesh Rabkin Got
25%
Tony Soprano Graduating
25%
Silvio Dante Guys
25%
Tony Soprano Here
25%
Silvio Dante How
25%
Philly Parisi I
25%
Tony Soprano I
25%
Tony Soprano I
25%
Tony Soprano In
25%
Tony Soprano June
25%
Silvio Dante Many
25%
Hesh Rabkin Married
25%
Tony Soprano My
25%
Christopher Moltisanti Not
25%
Silvio Dante That
25%
Tony Soprano Week
25%
Hesh Rabkin When
25%
Tony Soprano Yet?
25%
Christopher Moltisanti Yet
25%
Silvio Dante You
25%
Tony Soprano A
13%
Tony Soprano A
13%
Tony Soprano About
13%
Tony Soprano Ago
13%
Silvio Dante All
13%
Philly Parisi And
13%
Philly Parisi And
13%
Hesh Rabkin Are
13%
Paulie Gualtieri Balls
13%
Tony Soprano Big
13%
Tony Soprano Bought
13%
Tony Soprano Brother
13%
Christopher Moltisanti But
13%
Tony Soprano By
13%
Philly Parisi Can
13%
Philly Parisi Can
13%
Tony Soprano Coat
13%
Paulie Gualtieri Concrete
13%
Hesh Rabkin Considerate
13%
Philly Parisi Diagnosis?
13%
Philly Parisi Do
13%
Tony Soprano Do
13%
Hesh Rabkin Fifth
13%
Christopher Moltisanti Fire
13%
Philly Parisi For
13%
Tony Soprano Fuck
13%
Silvio Dante Fuckin
13%
Hesh Rabkin Given
13%
Christopher Moltisanti Gonna
13%
Tony Soprano Had
13%
Philly Parisi Have
13%
Silvio Dante Heh?
13%
Christopher Moltisanti Hes
13%
Hesh Rabkin Him
13%
Tony Soprano Him
13%
Christopher Moltisanti Himself
13%
Silvio Dante Hospital
13%
Hesh Rabkin How
13%
Paulie Gualtieri Im
13%
Philly Parisi I'm
13%
Tony Soprano I'm
13%
Hesh Rabkin Ineffective
13%
Christopher Moltisanti Instead
13%
Paulie Gualtieri Is
13%
Tony Soprano It
13%
Tony Soprano Just
13%
Philly Parisi Kids
13%
Philly Parisi Know?
13%
Tony Soprano Know
13%
Hesh Rabkin Last
13%
Christopher Moltisanti Light
13%
Hesh Rabkin Live
13%
Hesh Rabkin Long
13%
Tony Soprano Loved
13%
Philly Parisi Make
13%
Tony Soprano Month
13%
Philly Parisi My
13%
Tony Soprano Never
13%
Tony Soprano No
13%
Philly Parisi Nothing
13%
Christopher Moltisanti Of
13%
Paulie Gualtieri Of
13%
Tony Soprano Off
13%
Christopher Moltisanti On
13%
Paulie Gualtieri Or
13%
Tony Soprano Over
13%
Tony Soprano Patsy
13%
Philly Parisi Philly
13%
Tony Soprano Philly
13%
Hesh Rabkin Protocols
13%
Tony Soprano Pussy?
13%
Tony Soprano Right
13%
Tony Soprano Sable
13%
Philly Parisi Say
13%
Hesh Rabkin September
13%
Tony Soprano She
13%
Tony Soprano So
13%
Paulie Gualtieri Sorry
13%
Tony Soprano Sorry
13%
Tony Soprano Sorry
13%
Silvio Dante Spare
13%
Philly Parisi Sympathy
13%
Paulie Gualtieri That
13%
Tony Soprano That
13%
Hesh Rabkin Thats
13%
Philly Parisi The
13%
Philly Parisi The
13%
Silvio Dante The
13%
Tony Soprano The
13%
Christopher Moltisanti Then
13%
Philly Parisi Theres
13%
Tony Soprano They
13%
Philly Parisi They
13%
Philly Parisi They
13%
Tony Soprano They're
13%
Hesh Rabkin They've
13%
Tony Soprano This
13%
Silvio Dante Those
13%
Tony Soprano Thought
13%
Hesh Rabkin To
13%
Silvio Dante To
13%
Tony Soprano To
13%
Hesh Rabkin Today
13%
Paulie Gualtieri Ton'
13%
Christopher Moltisanti Until
13%
Hesh Rabkin Various
13%
Hesh Rabkin Very
13%
Silvio Dante Visits
13%
Christopher Moltisanti Waiting
13%
Tony Soprano Way
13%
Tony Soprano Went
13%
Tony Soprano Were
13%
Philly Parisi What
13%
Paulie Gualtieri What?
13%
Philly Parisi When
13%
Tony Soprano Where's
13%
Philly Parisi Wife
13%
Hesh Rabkin Wont
13%
Tony Soprano Yeah
13%
Tony Soprano Yeah
13%
Philly Parisi You?
13%
Philly Parisi You
13%
Silvio Dante You
13%
Tony Soprano You
13%
Tony Soprano You
13%
Tony Soprano Your
13%
No matching quizzes found
Score Distribution
Percent of People with Each Score
Percentile by Number Answered
Your Score History
You have not taken this quiz since the last reset